| 000 | 00570nam a2200181 a 4500 | ||
|---|---|---|---|
| 001 | 000043254 | ||
| 005 | 20201002040749.0 | ||
| 008 | 140303s2014 dr ac 000 0 spa d | ||
| 020 | _a9789945009842 | ||
| 040 |
_aDO-SdBNP _bspa _cBNPHU |
||
| 082 |
_axxx _bxxx |
||
| 100 | 1 |
_aJimmy Sierra _970858 |
|
| 245 | 1 | 0 |
_aYo estaba allí / _cJimmy Sierra ; prólogo César Pérez Núnez. |
| 246 | 1 | 0 |
_aYo estaba allí _bseptiembre-diciembre |
| 260 |
_aSanto Domingo : _bBúho, _c2014. |
||
| 300 |
_a178 p. : _bil., retrs. ; _c22 cm. |
||
| 700 | 1 | 2 |
_aPérez Núnez, César _epról. _917961 |
| 999 |
_c42743 _d42743 |
||